[Event "11th BCC Thailand Open"]
[Site "Pattaya THA"]
[Date "2011.04.12"]
[Round "3.34"]
[White "Mohammad Nubairshah Shaikh"]
[Black "Wee, Chun Jie Eugene"]
[Result "1-0"]
[WhiteElo "2199"]
[BlackElo "2015"]
[WhiteFideId "5053196"]
[BlackFideId "5801214"]
[EventDate "2011.04.11"]

1. c4 c5 2. Nc3 b6 3. Nf3 Bb7 4. g3 e6 5. Bg2 Nf6 6. O-O Be7 7. b3 O-O 8. Bb2 d6
9. d4 cxd4 10. Qxd4 a6 11. Rfd1 Nbd7 12. Ng5 Bxg2 13. Kxg2 Qc7 14. Kg1 Rfd8 15.
Rac1 h6 16. Nge4 Nc5 17. b4 Ncxe4 18. Nxe4 Qb7 19. Nc3 Rac8 20. b5 axb5 21. cxb5
Ne8 22. Na4 Ra8 23. Rd2 Bf6 24. Qxb6 Qe4 25. Bxf6 Nxf6 26. Nc3 Qb4 27. Qd4 Qa3
28. Rb1 d5 29. b6 Ne8 30. Rb3 Qa5 31. Qb4 Qa6 32. b7 Rab8 33. Na4 Nd6 34. Nc5
Qc6 35. Qb6 Qe8 36. Rd1 Qe7 37. a4 Nxb7 38. Nxb7 Rd7 39. Rdb1 Rbxb7 40. Qxb7
Rxb7 41. Rxb7 Qa3 42. Ra7 Qa2 43. Rb8+ Kh7 44. e3 Kg6 45. Rbb7 f6 46. Kg2 Qe2
47. h3 e5 48. g4 f5 49. Rxg7+ Kf6 50. Rgf7+ Kg6 51. Rxf5 e4 52. Rd7 h5 53. Rd6+
Kg7 54. gxh5 Qa2 55. h6+ Kg8 56. Rd7 1-0

[Event "11th BCC Thailand Open"]
[Site "Pattaya THA"]
[Date "2011.04.12"]
[Round "3.35"]
[White "Doostkam, P"]
[Black "Frederiksen, Erik"]
[Result "1-0"]
[WhiteElo "2210"]
[BlackElo "1996"]
[WhiteFideId "12501824"]
[BlackFideId "1438620"]
[EventDate "2011.04.11"]

1. c4 e6 2. Nf3 Nf6 3. g3 d5 4. b3 Be7 5. Bb2 O-O 6. Bg2 c5 7. e3 Nc6 8. O-O b6
9. Nc3 Bb7 10. cxd5 exd5 11. d4 cxd4 12. Nxd4 Nxd4 13. Qxd4 Bc5 14. Qd3 Qd7 15.
Ne2 Be7 16. Rfd1 Rfd8 17. Rac1 Rac8 18. Rxc8 Qxc8 19. Rc1 Ba6 20. Rxc8 Bxd3 21.
Rxd8+ Bxd8 22. Nc3 Be4 23. Nb5 Bxg2 24. Kxg2 a6 25. Bxf6 gxf6 26. Nc3 Kf8 27.
Nxd5 Ke8 28. Kf3 Kd7 29. Ke4 Ke6 30. g4 b5 31. b4 a5 32. a3 axb4 33. axb4 Kd6
34. f4 Ke6 35. f5+ Kd7 36. h4 Kd6 37. Kd4 Kc6 38. h5 h6 39. e4 Kd6 40. Kd3 Kc6
41. Ke3 Kd7 42. Kf3 Kd6 43. Kf4 Kc6 44. Ke3 Kd7 45. Kd4 Kd6 46. Nc3 Kc6 47. e5
fxe5+ 48. Kxe5 Bg5 49. Nd5 Bd2 50. Ne7+ Kd7 51. Nd5 Kc6 52. f6 Bg5 53. Nf4 Bh4
54. Ne2 Bg5 55. Nd4+ Kb6 56. Nf3 Bc1 57. g5 hxg5 58. h6 g4 59. h7 Bb2+ 60. Nd4 1-0

[Event "11th BCC Thailand Open"]
[Site "Pattaya THA"]
[Date "2011.04.12"]
[Round "3.36"]
[White "Michalet, Guy"]
[Black "Yutithamnon, Surapole"]
[Result "1-0"]
[WhiteElo "2183"]
[BlackElo "1983"]
[WhiteFideId "603139"]
[BlackFideId "6200591"]
[EventDate "2011.04.11"]

1. Nc3 Nf6 2. e4 e5 3. f4 d6 4. Nf3 Nc6 5. d3 g6 6. g3 Bg7 7. Bg2 Bg4 8. h3 Bxf3
9. Qxf3 Nd4 10. Qf2 O-O 11. O-O c5 12. fxe5 Nd7 13. exd6 Ne5 14. Be3 Qxd6 15.
Bxd4 cxd4 16. Nd5 f5 17. exf5 Rxf5 18. Qd2 Raf8 19. Rxf5 Rxf5 20. Rf1 Rxf1+ 21.
Kxf1 Qf8+ 22. Qf2 Qxf2+ 23. Kxf2 Nc6 24. a3 Kf7 25. Nc7 Be5 26. Bxc6 bxc6 27.
Na6 Bd6 28. Nb4 c5 29. Nc6 a6 30. Na5 Ke6 31. Kf3 Bc7 32. Nc4 Kd5 33. b3 h6 34.
Nd2 Bd8 35. Ne4 Be7 36. Kg4 Ke5 37. a4 h5+ 38. Kf3 g5 39. g4 h4 40. Nd2 Kd5 41.
Ne4 Bd8 42. Ke2 Be7 43. Nd2 Bd8 44. Nf3 Bf6 45. Kd2 Ke6 46. Kc1 Kd6 47. Kb2 Kd5
48. Ka3 Be7 49. Kb2 Bf6 50. Kc1 Kc6 51. Kd2 Kb6 52. Ke2 Kc6 53. Nd2 Kd5 54. Kf3
Be7 55. Nc4 Bd8 56. a5 Bc7 57. Nb6+ Ke5 58. Nd7+ Kd5 59. Nf6+ Kc6 60. Ke4 Bxa5
61. Kf5 Bd8 62. Kxg5 Kd6 63. Kf5 a5 64. g5 Ke7 65. Ne4 Bb6 66. Nd2 Bc7 67. Nf3
Bg3 68. Kg4 Bf2 69. Nxh4 Ke6 70. Nf3 Be3 71. h4 Bf2 72. Nd2 Be3 73. Ne4 Kd5 74.
Kf5 1-0

[Event "11th BCC Thailand Open"]
[Site "Pattaya THA"]
[Date "2011.04.12"]
[Round "3.37"]
[White "Svendsen, Peter"]
[Black "Savolainen, Lev P."]
[Result "0-1"]
[BlackTitle "FM"]
[WhiteElo "1974"]
[BlackElo "2176"]
[WhiteFideId "1405250"]
[BlackFideId "4135792"]
[EventDate "2011.04.11"]

1. d4 e6 2. Nf3 c5 3. g3 d5 4. Bg2 Nc6 5. O-O a6 6. c4 dxc4 7. dxc5 Qxd1 8. Rxd1
Bxc5 9. Nbd2 c3 10. Ne4 c2 11. Rd2 Be7 12. Rxc2 Nf6 13. Nxf6+ Bxf6 14. Be3 O-O
15. Bb6 Nb4 16. Rc4 Nd5 17. Bd4 b5 18. Rcc1 Bb7 19. Bxf6 Nxf6 20. Rc7 Bd5 21. b3
Rfc8 22. Rac1 Rxc7 23. Rxc7 Ne8 24. Rd7 Rc8 25. h4 Rc1+ 26. Kh2 Rc7 27. Rd8 Kf8
28. Nd4 Ke7 29. Rb8 Nf6 30. Rb6 Ng4+ 31. Kg1 Rc1+ 32. Bf1 Rd1 33. Nc6+ Bxc6 34.
Rxc6 Rd6 35. Rxd6 Kxd6 36. a3 Kc5 37. e3 a5 38. Kg2 Nf6 39. Kf3 Nd5 40. Bd3 h6
41. Ke2 Nc3+ 42. Kd2 b4 43. a4 e5 44. Kc2 e4 45. Bc4 f6 46. Bf7 Kd6 47. Bg8 g5
48. Bh7 gxh4 49. gxh4 Ke5 50. Bg6 f5 51. Kd2 f4 52. Bh7 f3 0-1

[Event "11th BCC Thailand Open"]
[Site "Pattaya THA"]
[Date "2011.04.12"]
[Round "3.38"]
[White "Rinquest, Ted"]
[Black "Sivara, Poompat"]
[Result "1/2-1/2"]
[WhiteElo "2138"]
[BlackElo "1972"]
[WhiteFideId "2011840"]
[BlackFideId "6200443"]
[EventDate "2011.04.11"]

1. d4 Nf6 2. c4 g6 3. Nc3 d5 4. Nf3 Bg7 5. Qb3 dxc4 6. Qxc4 c6 7. Qb3 Nbd7 8. e4
Nb6 9. Be2 O-O 10. O-O Be6 11. Qc2 Rc8 12. Rd1 Qc7 13. Bg5 Rfd8 14. Rac1 a6 15.
a4 Nc4 16. Bxf6 Bxf6 17. d5 cxd5 18. Nxd5 Bxd5 19. exd5 Bxb2 20. Bxc4 1/2-1/2

[Event "11th BCC Thailand Open"]
[Site "Pattaya THA"]
[Date "2011.04.12"]
[Round "3.39"]
[White "Tuamsang, Sawapop"]
[Black "Karma, Pandya"]
[Result "0-1"]
[WhiteElo "1967"]
[BlackElo "2133"]
[WhiteFideId "6200729"]
[BlackFideId "5030331"]
[EventDate "2011.04.11"]

1. d4 d5 2. c4 dxc4 3. Nf3 Nf6 4. Nc3 a6 5. a4 Nc6 6. e4 Bg4 7. d5 Na5 8. Bf4
Nd7 9. h3 Bxf3 10. Qxf3 g6 11. e5 Bg7 12. Qg3 e6 13. Rd1 O-O 14. Be2 Qe8 15. O-O
Nb6 16. Bg4 exd5 17. Nxd5 Nxd5 18. Rxd5 Qxa4 19. e6 f5 20. Qa3 Qxa3 21. bxa3
fxg4 22. Bxc7 Nc6 0-1

[Event "11th BCC Thailand Open"]
[Site "Pattaya THA"]
[Date "2011.04.12"]
[Round "3.40"]
[White "Nath, Rupankar"]
[Black "Lee, T H Bryan"]
[Result "0-1"]
[WhiteElo "2131"]
[BlackElo "1964"]
[WhiteFideId "5006724"]
[BlackFideId "6000584"]
[EventDate "2011.04.11"]

1. d4 Nf6 2. Nf3 g6 3. c4 Bg7 4. Nc3 O-O 5. e4 d6 6. Be2 e5 7. O-O Nc6 8. d5 Ne7
9. Ne1 Nd7 10. Nd3 f5 11. Bd2 Nf6 12. f3 f4 13. g4 c6 14. Be1 g5 15. Kg2 h5 16.
h3 Kh8 17. a3 b5 18. dxc6 bxc4 19. Nb4 Be6 20. Nbd5 Nxc6 21. Bxc4 Nd4 22. Bf2
Rc8 23. Ba2 Qd7 24. Bxd4 exd4 25. Ne2 hxg4 26. hxg4 Nxd5 27. exd5 Bxg4 28. Rh1+
Kg8 29. Nxd4 Bxd4 30. Qxd4 Rc2+ 31. Kg1 Bh3 32. Rh2 Rxh2 33. Kxh2 Qh7 34. Rh1
Qh4 35. Rg1 Bf1# 0-1

[Event "11th BCC Thailand Open"]
[Site "Pattaya THA"]
[Date "2011.04.12"]
[Round "3.49"]
[White "Filippov, Alexander"]
[Black "Nakvanich, Sahapol"]
[Result "1-0"]
[WhiteElo "2264"]
[BlackElo "1884"]
[WhiteFideId "4185471"]
[BlackFideId "6200478"]
[EventDate "2011.04.11"]

1. e4 e5 2. Nf3 Nc6 3. Bb5 a6 4. Bxc6 dxc6 5. O-O Qf6 6. h3 Bd7 7. c3 h6 8. d4
exd4 9. cxd4 O-O-O 10. Nc3 Ne7 11. Ne5 Be6 12. f4 Kb8 13. Be3 Bc8 14. Qb3 Be6
15. Qc2 g6 16. d5 cxd5 17. Bd4 Qh4 18. Nf3 Qxf4 19. Bxh8 Nc6 20. Nxd5 Bxd5 21.
exd5 Nb4 22. Qc3 Nxd5 23. Qd4 Qe3+ 24. Qxe3 Nxe3 25. Rfc1 Bd6 26. Bd4 Nf5 27.
Be5 Ng3 28. Rc2 g5 29. Kh2 Nh5 30. Re1 Nf4 31. Bxd6 Rxd6 32. Re8+ Ka7 33. Rxc7
f5 34. Ree7 Rb6 35. Rc2 g4 36. Nd4 Nd5 37. Rd7 Ne3 38. Nc6+ 1-0

[Event "11th BCC Thailand Open"]
[Site "Pattaya THA"]
[Date "2011.04.13"]
[Round "4.1"]
[White "Vallejo Pons, Francisco"]
[Black "Mohota, Nisha"]
[Result "1-0"]
[WhiteTitle "GM"]
[BlackTitle "IM"]
[WhiteElo "2707"]
[BlackElo "2324"]
[WhiteFideId "2205530"]
[BlackFideId "5004330"]
[EventDate "2011.04.11"]

1. g3 e5 2. c4 Nf6 3. Bg2 d5 4. cxd5 Nxd5 5. Nf3 Nc6 6. O-O Nb6 7. b3 Be7 8. Bb2
f6 9. d3 O-O 10. Nbd2 a5 11. a3 Rf7 12. Qc2 Be6 13. e3 Bf8 14. d4 exd4 15. Nxd4
Nxd4 16. Bxd4 c6 17. Be4 f5 18. Bg2 c5 19. Bxc5 Qc8 20. b4 axb4 21. axb4 Rxa1
22. Rxa1 Nd7 23. Nb3 b6 24. Nd4 Nxc5 25. Ra8 Qd7 26. bxc5 bxc5 27. Nxe6 Qxe6 28.
Qxc5 1-0

[Event "11th BCC Thailand Open"]
[Site "Pattaya THA"]
[Date "2011.04.13"]
[Round "4.2"]
[White "Swathi, Ghate"]
[Black "Short, Nigel D"]
[Result "0-1"]
[WhiteTitle "WGM"]
[BlackTitle "GM"]
[WhiteElo "2307"]
[BlackElo "2676"]
[WhiteFideId "5003474"]
[BlackFideId "400025"]
[EventDate "2011.04.11"]

1. e4 e6 2. d4 d5 3. Nc3 Bb4 4. e5 c5 5. a3 Bxc3+ 6. bxc3 Qc7 7. Qg4 f5 8. Qg3
cxd4 9. cxd4 Ne7 10. Bd2 O-O 11. c3 Nbc6 12. Nh3 Na5 13. Bg5 Ng6 14. Be2 f4 15.
Qd3 Bd7 16. O-O Rac8 17. Rac1 a6 18. Qb1 Nc4 19. Rfd1 Nxa3 20. Qb4 Nc4 21. Bh5
f3 22. gxf3 Be8 23. Bg4 Qd7 24. Be3 h5 25. Bxh5 Ngxe5 26. Bxe8 Nxf3+ 27. Kh1 Qc7
28. Qxf8+ Kxf8 29. Bf4 Qe7 30. Bh5 Qh4 31. Bxf3 Qxh3 32. Bg3 Qf5 33. Bg2 a5 34.
Rb1 b6 35. Bf1 Na3 36. Rbc1 Qf3+ 37. Kg1 Rxc3 0-1

[Event "11th BCC Thailand Open"]
[Site "Pattaya THA"]
[Date "2011.04.13"]
[Round "4.3"]
[White "Zaw Win Lay"]
[Black "L'Ami, Alina"]
[Result "1/2-1/2"]
[WhiteTitle "GM"]
[BlackTitle "WGM"]
[WhiteElo "2382"]
[BlackElo "2297"]
[WhiteFideId "13000098"]
[BlackFideId "1210246"]
[EventDate "2011.04.11"]

1. d4 Nf6 2. c4 g6 3. Nc3 Bg7 4. e4 d6 5. Nf3 O-O 6. Be2 e5 7. Be3 Ng4 8. Bg5 f6
9. Bh4 g5 10. Bg3 Nh6 11. dxe5 dxe5 12. Qxd8 Rxd8 13. Nd5 Na6 14. O-O-O Be6 15.
h4 g4 16. Nh2 c6 17. Nc3 Bf8 18. Rxd8 Rxd8 19. Rd1 Rxd1+ 20. Nxd1 Nc5 21. Nc3
Nd7 22. Nd1 Nc5 1/2-1/2

[Event "11th BCC Thailand Open"]
[Site "Pattaya THA"]
[Date "2011.04.13"]
[Round "4.4"]
[White "Gustafsson, Jan"]
[Black "Illingworth, Max"]
[Result "1/2-1/2"]
[WhiteTitle "GM"]
[BlackTitle "FM"]
[WhiteElo "2647"]
[BlackElo "2345"]
[WhiteFideId "4625498"]
[BlackFideId "3205207"]
[EventDate "2011.04.11"]

1. d4 Nf6 2. c4 e6 3. Nc3 Bb4 4. Nf3 d5 5. Qa4+ Nc6 6. e3 O-O 7. Bd2 Bd7 8. Qc2
Qe7 9. a3 Bxc3 10. Bxc3 Ne4 11. Bd3 Nxc3 12. Qxc3 Rae8 13. O-O-O dxc4 14. Bxc4
Rb8 15. d5 exd5 16. Bxd5 Nd8 17. Ne5 Bc8 18. f4 Re8 19. Rd2 Be6 20. Rhd1 f6 21.
Nc4 Nf7 22. Bxe6 Qxe6 23. Rd3 Re7 24. Kb1 Rbe8 25. Ka1 b6 26. h3 Qc6 27. R1d2
Re4 28. Rc2 R4e7 29. Qd2 Qe6 30. g4 c5 31. Rcc3 Qe4 32. Qh2 b5 33. Nd2 Qc6 34.
Qg3 c4 35. Rd4 a5 36. Kb1 Qh1+ 37. Rc1 Rxe3 38. Qxe3 Qxc1+ 39. Kxc1 Rxe3 40. a4
bxa4 41. Re4 Rxe4 42. Nxe4 f5 43. gxf5 Nh6 44. Nd6 Kf8 45. Kd2 Ke7 46. Nxc4 Nxf5
47. Nxa5 Kd6 48. b3 axb3 49. Nxb3 Kd5 50. Kd3 Nh4 51. Nd4 g6 1/2-1/2

[Event "11th BCC Thailand Open"]
[Site "Pattaya THA"]
[Date "2011.04.13"]
[Round "4.5"]
[White "Lahiri, Atanu"]
[Black "Hansen, Sune Berg"]
[Result "1/2-1/2"]
[WhiteTitle "IM"]
[BlackTitle "GM"]
[WhiteElo "2350"]
[BlackElo "2603"]
[WhiteFideId "5002818"]
[BlackFideId "1400266"]
[EventDate "2011.04.11"]

1. d4 d5 2. c4 c6 3. Nf3 Nf6 4. Nc3 dxc4 5. a4 Bf5 6. e3 e6 7. Bxc4 Bb4 8. O-O
O-O 9. Qe2 Bg4 10. Rd1 Nbd7 11. h3 Bxf3 12. Qxf3 Qa5 13. e4 e5 14. d5 Bxc3 15.
Qxc3 Qxc3 16. bxc3 Nb6 17. Bb3 cxd5 18. exd5 Rac8 19. Be3 Rxc3 20. Rab1 Rd8 21.
a5 Nc8 22. Rdc1 Rxc1+ 23. Rxc1 a6 24. Bc5 g6 25. Bb4 Nd6 26. Rc7 Kg7 27. Bxd6
Rxd6 28. Rxb7 Nxd5 29. Ra7 h5 30. Bc4 Nb4 31. Rxf7+ Kh6 32. Rb7 Nd5 33. Ra7 Nb4
34. Rb7 Nd5 35. Rb1 Nf4 36. Rb6 Rd1+ 37. Kh2 Rd2 38. Kg1 Rd1+ 39. Kh2 Rd2 40.
Kg1 1/2-1/2

[Event "11th BCC Thailand Open"]
[Site "Pattaya THA"]
[Date "2011.04.13"]
[Round "4.6"]
[White "Kojima, Shinya"]
[Black "Kunte, Abhijit"]
[Result "0-1"]
[WhiteTitle "FM"]
[BlackTitle "GM"]
[WhiteElo "2329"]
[BlackElo "2526"]
[WhiteFideId "7000812"]
[BlackFideId "5002265"]
[EventDate "2011.04.11"]

1. e4 c5 2. Nf3 e6 3. d4 cxd4 4. Nxd4 a6 5. Bd3 g6 6. O-O Bg7 7. Nb3 d6 8. Qe2
Nf6 9. c4 Qc7 10. Nc3 O-O 11. Bf4 Nh5 12. Bd2 Nd7 13. Rac1 b6 14. f4 Bb7 15. Kh1
Rae8 16. Be3 Rc8 17. Qf2 Rfe8 18. Nd2 f5 19. Rfe1 Nhf6 20. h3 Nc5 21. Bb1 fxe4
22. b4 Nd3 23. Bxd3 exd3 24. Bxb6 Qd7 25. Bd4 e5 26. fxe5 dxe5 27. Rxe5 Ng4 0-1

[Event "11th BCC Thailand Open"]
[Site "Pattaya THA"]
[Date "2011.04.13"]
[Round "4.7"]
[White "Schebler, Gerhard"]
[Black "Voigt, Martin"]
[Result "1/2-1/2"]
[WhiteTitle "GM"]
[BlackTitle "FM"]
[WhiteElo "2460"]
[BlackElo "2325"]
[WhiteFideId "4603338"]
[BlackFideId "4607228"]
[EventDate "2011.04.11"]

1. d4 Nf6 2. Nf3 d5 3. c4 c6 4. Nc3 dxc4 5. a4 Bf5 6. e3 e6 7. Bxc4 Bb4 8. O-O
O-O 9. Qb3 a5 10. Na2 Na6 11. Nxb4 Nxb4 12. Bd2 Nfd5 13. Rfc1 Qe7 14. Be1 Rfd8
15. Ne5 f6 16. Nf3 Bg6 17. Bxb4 Qxb4 18. Qxb4 axb4 19. h4 Kf8 20. a5 Ke7 21. Nd2
Ra7 22. Nb3 Rda8 23. Kf1 Nc7 24. Be2 Bf7 25. Bc4 Ne8 26. Nc5 Nd6 27. a6 b6 28.
Nd3 Nxc4 29. Rxc4 Be8 30. Ke2 Rxa6 31. Rxa6 Rxa6 32. Nxb4 Ra1 33. Kd2 Kd6 34.
Rc1 Rxc1 1/2-1/2

[Event "11th BCC Thailand Open"]
[Site "Pattaya THA"]
[Date "2011.04.13"]
[Round "4.8"]
[White "Contin, Daniel"]
[Black "Murshed, Niaz"]
[Result "0-1"]
[WhiteTitle "IM"]
[BlackTitle "GM"]
[WhiteElo "2316"]
[BlackElo "2455"]
[WhiteFideId "803618"]
[BlackFideId "10200010"]
[EventDate "2011.04.11"]

1. c4 e6 2. Nf3 d5 3. b3 Nf6 4. g3 d4 5. Bg2 c5 6. e3 Nc6 7. exd4 cxd4 8. O-O
Be7 9. d3 Nd7 10. Na3 O-O 11. Nc2 e5 12. Rb1 a5 13. a3 Rb8 14. Nd2 Nc5 15. Qe2
Bf5 16. Ne4 Bxe4 17. Bxe4 Nxe4 18. Qxe4 f5 19. Qg2 Bf6 20. g4 Qd7 21. g5 Be7 22.
b4 axb4 23. axb4 f4 24. Qd5+ Qxd5 25. cxd5 Na7 26. Re1 Bd6 27. b5 Rbd8 28. h4
Nc8 29. b6 Ne7 30. Rb5 Nf5 31. Ba3 Nxh4 32. Bxd6 Rxd6 33. Kf1 Nf3 34. Ra1 Nxg5
35. Ra7 Rb8 36. Na3 f3 37. Nc4 Rh6 38. Ke1 Rh1+ 39. Kd2 Rf1 40. Nxe5 Rxf2+ 41.
Kd1 Rf1+ 42. Kd2 f2 43. Ke2 Re1+ 44. Kxf2 Rxe5 45. Rc5 h5 46. Kg3 Rf5 47. Raa5
Nf7 48. Ra4 Rf6 49. Rxd4 Rxb6 50. Kh4 g5+ 51. Kg3 Nd6 0-1

[Event "11th BCC Thailand Open"]
[Site "Pattaya THA"]
[Date "2011.04.13"]
[Round "4.9"]
[White "Sriram, Jha"]
[Black "Aung AungaAung Myo Hlaing"]
[Result "1/2-1/2"]
[WhiteTitle "GM"]
[BlackTitle "IM"]
[WhiteElo "2442"]
[BlackElo "2324"]
[WhiteFideId "5001668"]
[BlackFideId "13000101"]
[EventDate "2011.04.11"]

1. d4 d6 2. c4 e5 3. Nf3 Nd7 4. Nc3 Ngf6 5. g3 g6 6. Bg2 Bg7 7. O-O O-O 8. h3
Re8 9. e4 c6 10. Re1 a5 11. Be3 exd4 12. Nxd4 Nc5 13. Qc2 a4 14. Rad1 Qa5 15.
Bf4 Bf8 16. Nf3 Be6 17. Bf1 Rad8 18. Bd2 Qa8 19. b4 axb3 20. axb3 h6 21. Nd4 Bg7
22. Nxe6 Nxe6 23. Be3 Qa5 24. Ra1 Qh5 25. Ra7 Rd7 26. f4 Qf3 27. Qg2 Qxg2+ 28.
Kxg2 Nh5 29. Na4 1/2-1/2

[Event "11th BCC Thailand Open"]
[Site "Pattaya THA"]
[Date "2011.04.13"]
[Round "4.11"]
[White "Morris, James"]
[Black "West, Guy"]
[Result "1-0"]
[WhiteTitle "IM"]
[BlackTitle "IM"]
[WhiteElo "2227"]
[BlackElo "2360"]
[WhiteFideId "3205800"]
[BlackFideId "3200086"]
[EventDate "2011.04.11"]

1. e4 d6 2. d4 Nf6 3. Nc3 g6 4. f4 Bg7 5. Nf3 O-O 6. e5 Nfd7 7. h4 c5 8. h5 cxd4
9. hxg6 hxg6 10. Qxd4 Nc6 11. Qg1 Re8 12. Qh2 Nf8 13. f5 Nxe5 14. Nxe5 Bxe5 15.
Bf4 Qa5 16. fxg6 fxg6 17. Bc4+ e6 18. O-O-O Bxf4+ 19. Qxf4 Qe5 20. Qh4 g5 21.
Qh5 Re7 22. Rdf1 Bd7 23. Ne4 Be8 24. Qh6 Nh7 25. Nf6+ Nxf6 26. Qh8+ 1-0

[Event "11th BCC Thailand Open"]
[Site "Pattaya THA"]
[Date "2011.04.13"]
[Round "4.14"]
[White "Romanov, Alexei"]
[Black "Mohammad Nubairshah Shaikh"]
[Result "1/2-1/2"]
[WhiteTitle "IM"]
[WhiteElo "2401"]
[BlackElo "2199"]
[WhiteFideId "4173716"]
[BlackFideId "5053196"]
[EventDate "2011.04.11"]

1. d4 d5 2. c4 c6 3. Nf3 Nf6 4. Qc2 dxc4 5. Qxc4 Bf5 6. Nc3 e6 7. e3 Nbd7 8. Nh4
Bg4 9. h3 Bh5 10. Qb3 Nd5 11. Nxd5 exd5 12. Nf5 Bg6 13. Bd3 Nb6 14. Bd2 Qf6 15.
g4 h5 16. O-O-O O-O-O 17. Ba5 Kc7 18. f4 Re8 19. Rde1 hxg4 20. hxg4 Rxh1 21.
Rxh1 Bxf5 22. Bxf5 Bd6 23. Rh7 g6 24. Bc2 Rxe3 25. Bd3 Bxf4 26. Kc2 Bg5 27. Bd2
Qf2 28. Qb4 Be7 29. Qa5 Re6 30. Kc3 c5 31. dxc5 Bxc5 32. Kb3 Rc6 33. Bc3 Qf4 34.
a3 Kb8 35. Rh8+ Nc8 36. Qd8 Qd6 37. Qxd6+ Bxd6 38. Bd4 a6 39. Be2 Bc5 40. Be5+
Bd6 1/2-1/2

[Event "11th BCC Thailand Open"]
[Site "Pattaya THA"]
[Date "2011.04.13"]
[Round "4.15"]
[White "Savolainen, Lev P."]
[Black "Yang, Kaiqi"]
[Result "0-1"]
[WhiteTitle "FM"]
[BlackTitle "IM"]
[WhiteElo "2176"]
[BlackElo "2399"]
[WhiteFideId "4135792"]
[BlackFideId "8604398"]
[EventDate "2011.04.11"]

1. d4 Nf6 2. c4 e6 3. Nc3 Bb4 4. Qc2 O-O 5. Bg5 h6 6. Bxf6 Qxf6 7. Nf3 c5 8.
dxc5 Na6 9. e3 Nxc5 10. Be2 b6 11. O-O Bxc3 12. Qxc3 Qxc3 13. bxc3 Ba6 14. Rfd1
Rfd8 15. Kf1 Rac8 16. Nd2 Na4 17. Rdc1 Nb2 18. a4 Nxc4 19. Nxc4 Bxc4 20. Bxc4
Rxc4 21. a5 b5 22. a6 d5 23. Rcb1 Rb8 24. Ra5 Rc5 25. Ke2 Kf8 26. Kd3 Ke7 27. f3
Kd6 28. Rb4 Kc6 29. Rb2 Kb6 30. Ra3 Rbc8 31. Rba2 Rc4 32. Rb3 e5 33. Rab2 R4c5
34. Ra3 e4+ 35. Kd2 g5 36. Rb1 f5 37. Rb2 f4 38. Rbb3 Re8 39. exf4 exf3 40. gxf3
gxf4 41. Rb4 0-1

[Event "11th BCC Thailand Open"]
[Site "Pattaya THA"]
[Date "2011.04.13"]
[Round "4.16"]
[White "Saptarshi, Roy"]
[Black "Mariano, Nelson III"]
[Result "0-1"]
[WhiteTitle "IM"]
[WhiteElo "2395"]
[BlackElo "2197"]
[WhiteFideId "5008980"]
[BlackFideId "5201748"]
[EventDate "2011.04.11"]

1. e4 d5 2. exd5 Qxd5 3. Nc3 Qa5 4. d4 Nf6 5. Bc4 Bg4 6. f3 Bf5 7. Qe2 Nc6 8.
Bb5 O-O-O 9. Bxc6 bxc6 10. Qc4 e5 11. Ne2 Be6 12. Qd3 exd4 13. Nxd4 Qb6 14. Be3
c5 0-1

[Event "11th BCC Thailand Open"]
[Site "Pattaya THA"]
[Date "2011.04.13"]
[Round "4.17"]
[White "Willemze, Thomas"]
[Black "Doostkam, P"]
[Result "1-0"]
[WhiteTitle "IM"]
[WhiteElo "2390"]
[BlackElo "2210"]
[WhiteFideId "1007238"]
[BlackFideId "12501824"]
[EventDate "2011.04.11"]

1. e4 e6 2. d4 d5 3. Nc3 Nf6 4. Bg5 Bb4 5. e5 h6 6. Be3 Ne4 7. Qg4 Kf8 8. Bd3
Nxc3 9. Bd2 Nxa2 10. c3 Nxc3 11. bxc3 Be7 12. h4 f5 13. exf6 Bxf6 14. Qh5 Nc6
15. Nf3 Bd7 16. O-O Be8 17. Qg4 e5 18. dxe5 Nxe5 19. Nxe5 Bxe5 20. Rae1 Bd6 21.
Rxe8+ Qxe8 22. Bg6 Qe5 23. Re1 Qf6 24. Re6 1-0

[Event "11th BCC Thailand Open"]
[Site "Pattaya THA"]
[Date "2011.04.13"]
[Round "4.18"]
[White "Eng, Andre Jerome"]
[Black "Palit, Somak"]
[Result "1/2-1/2"]
[BlackTitle "IM"]
[WhiteElo "2150"]
[BlackElo "2378"]
[WhiteFideId "5801826"]
[BlackFideId "5010454"]
[EventDate "2011.04.11"]

1. e4 b6 2. d4 Bb7 3. Nc3 e6 4. Nf3 Nf6 5. Bd3 Bb4 6. e5 Ne4 7. Bxe4 Bxe4 8. O-O
Bb7 9. Bg5 Qc8 10. Nd2 d6 11. f4 Bxc3 12. bxc3 Nd7 13. f5 exf5 14. Rxf5 dxe5 15.
Qg4 g6 16. Rxf7 Kxf7 17. Rf1+ Kg7 18. Bh6+ Kxh6 19. Qh4+ Kg7 20. Qe7+ Kh6 21.
Qh4+ Kg7 22. Qe7+ 1/2-1/2

[Event "11th BCC Thailand Open"]
[Site "Pattaya THA"]
[Date "2011.04.13"]
[Round "4.19"]
[White "Karma, Pandya"]
[Black "Hopman, Pieter"]
[Result "0-1"]
[WhiteElo "2133"]
[BlackElo "2365"]
[WhiteFideId "5030331"]
[BlackFideId "1005669"]
[EventDate "2011.04.11"]

1. c4 e5 2. Nc3 d6 3. g3 f5 4. Bg2 Nf6 5. d3 Be7 6. e4 c6 7. Nge2 O-O 8. O-O Na6
9. h3 Be6 10. b3 Qd7 11. Kh2 Rae8 12. f4 Bd8 13. Be3 g6 14. Qd2 h5 15. Rad1 h4
16. gxh4 Qh7 17. fxe5 dxe5 18. exf5 gxf5 19. Bg5 Rf7 20. Ng3 Rg7 21. Nce4 Nxe4
22. dxe4 Bxg5 23. hxg5 f4 24. Nf5 Bxf5 25. exf5 Qxf5 26. Bf3 Nc7 27. Bg4 Qxg5
28. Qf2 Kh8 29. Rd6 Reg8 30. Rfd1 Ne8 31. Rd7 Rxd7 32. Rxd7 Nf6 33. Qd2 Nxg4+
34. hxg4 Qxg4 0-1

[Event "11th BCC Thailand Open"]
[Site "Pattaya THA"]
[Date "2011.04.13"]
[Round "4.20"]
[White "Illner, Achim, Dr."]
[Black "Michalet, Guy"]
[Result "1-0"]
[WhiteTitle "FM"]
[WhiteElo "2353"]
[BlackElo "2183"]
[WhiteFideId "4615840"]
[BlackFideId "603139"]
[EventDate "2011.04.11"]

1. d4 Nc6 2. Nf3 d6 3. c4 e5 4. Nc3 Be7 5. d5 Nb8 6. e4 Nd7 7. Bd3 Bf6 8. O-O
Ne7 9. b4 Ng6 10. a4 a5 11. bxa5 Rxa5 12. Nd2 Nc5 13. Nb3 Nxb3 14. Qxb3 Bg5 15.
Ba3 b6 16. Bb4 Ra8 17. a5 Nf4 18. Nb5 Rb8 19. axb6 Rxb6 20. Ra7 O-O 21. Ba5 Qd7
22. f3 Nh3+ 23. Kh1 Be3 24. Bxb6 Bxb6 25. gxh3 Bxa7 26. Nxa7 Qxh3 27. Nxc8 Rxc8
28. Qb7 h6 29. Rf2 Qd7 30. Ra2 Qh3 31. Rf2 Qd7 32. Bf1 Qd8 33. Qa7 Ra8 34. Qe3
g5 35. Rg2 Ra1 36. Rg1 Kf8 37. Qf2 Qf6 38. Qg3 Rc1 39. Qg4 Rc3 40. Rg3 Rc1 41.
Kg2 Kg7 42. h4 1-0